[Event "Sao Bento do Sul op 06"]
[Site "Sao Bento do Sul"]
[Date "2017.06.09"]
[Round "2"]
[White "Evangelista, Andressa"]
[Black "Santa Isabel, Marivaldo dos Reis"]
[Result "1-0"]
[WhiteElo "1144"]
[BlackElo "1598"]
[PlyCount "90"]
[EventDate "2017.06.09"]
[EventType "swiss"]
[EventRounds "6"]
[EventCountry "BRA"]
[SourceTitle "EXT 2019"]
[Source "ChessBase"]
[SourceDate "2018.10.10"]
[SourceVersion "1"]
[SourceVersionDate "2018.10.10"]
[SourceQuality "1"]

1. e4 c5 2. Nf3 d6 3. d3 Nf6 4. Be3 Nc6 5. c4 Ng4 6. Qd2 Nxe3 7. Qxe3 g6 8. Nc3 Bg7 9. Qd2 Bg4 10. Be2 0-0 11. h3 Bxf3 12. Bxf3 Nd4 13. Be2 e6 14. 0-0 f5 15. exf5 Rxf5 16. Bg4 Rf7 17. Rfe1 Re7 18. Nb5 Nf5 19. Bxf5 gxf5 20. Qf4 Be5 21. Qg5+ Bg7 22. Rab1 a6 23. Na3 Qf8 24. b4 Kh8 25. bxc5 dxc5 26. Re2 Rd8 27. Rb3 Bf6 28. Qf4 Qg8 29. Nc2 Rg7 30. g3 Rgd7 31. Ne1 Qf7 32. Qe3 e5 33. Nf3 e4 34. dxe4 fxe4 35. Qxe4 Re7 36. Qc2 Red7 37. Qf5 Qg7 38. Rb6 Rf7 39. Ree6 Bc3 40. Qg5 Rd1+ 41. Kg2 Qf8 42. Re3 Bd4 43. Reb3 Rxf3 44. Rxf3 Qe8 45. Rxb7 Rd2 1-0

[Event "Curitiba IEP&Copel op"]
[Site "Curitiba"]
[Date "2017.05.13"]
[Round "3"]
[White "Das Chagas, David Ferreira"]
[Black "Santa Isabel, Marivaldo dos Reis"]
[Result "1-0"]
[WhiteElo "1966"]
[BlackElo "1616"]
[PlyCount "31"]
[EventDate "2017.05.12"]
[EventType "swiss"]
[EventRounds "6"]
[EventCountry "BRA"]
[SourceTitle "CBM 178 Extra"]
[Source "ChessBase"]
[SourceDate "2017.06.22"]
[SourceVersion "1"]
[SourceVersionDate "2017.06.22"]
[SourceQuality "1"]

1. d4 d5 2. c4 c6 3. Nc3 Nf6 4. Bg5 e6 5. e3 Be7 6. Nf3 0-0 7. Qd2 Na6 8. a3 Nc7 9. c5 Nh5 10. h4 f6 11. Bd3 f5 12. g4 fxg4 13. Bxh7+ Kh8 14. Ne5 Rf5 15. Bxf5 exf5 16. Nf7+ 1-0

[Event "Curitiba op"]
[Site "Curitiba"]
[Date "2016.04.21"]
[Round "1"]
[White "Rodrigues, Edgar"]
[Black "Santa Isabel, Marivaldo dos Reis"]
[Result "1-0"]
[WhiteElo "2270"]
[BlackElo "1669"]
[PlyCount "71"]
[EventDate "2016.04.21"]
[EventType "swiss"]
[EventRounds "7"]
[EventCountry "BRA"]
[SourceTitle "CBM 172 Extra"]
[Source "ChessBase"]
[SourceDate "2016.06.21"]
[SourceVersion "1"]
[SourceVersionDate "2016.06.21"]
[SourceQuality "1"]

1. e4 d6 2. d4 Nf6 3. Nc3 c6 4. Nf3 g6 5. Be2 Bg7 6. 0-0 0-0 7. Bg5 Nbd7 8. Qd2 b5 9. a3 e5 10. Rad1 Bb7 11. dxe5 dxe5 12. Qd6 Qb8 13. Nxe5 Nxe5 14. Bxf6 Qxd6 15. Rxd6 Bxf6 16. Rxf6 Rad8 17. f4 Nd7 18. Rd6 Nc5 19. Rfd1 Rde8 20. e5 Ne6 21. Ne4 Rd8 22. g3 a6 23. Bf3 Kg7 24. Kf2 c5 25. Rxd8 Rxd8 26. Rxd8 Nxd8 27. Nxc5 Bxf3 28. Kxf3 a5 29. Ke4 Ne6 30. Nxe6+ fxe6 31. b4 axb4 32. axb4 Kf7 33. g4 Ke7 34. f5 exf5+ 35. gxf5 g5 36. h4 1-0

[Event "Pan American Amateur-ch"]
[Site "Curitiba"]
[Date "2015.12.19"]
[Round "6"]
[White "Santa Isabel, Marivaldo dos Reis"]
[Black "Boabaid, Jorge Alberto Duard"]
[Result "1-0"]
[WhiteElo "1660"]
[BlackElo "1893"]
[PlyCount "79"]
[EventDate "2015.12.16"]
[EventType "swiss"]
[EventRounds "9"]
[EventCountry "BRA"]
[SourceTitle "CBM 170 Extra"]
[Source "ChessBase"]
[SourceDate "2016.02.25"]
[SourceVersion "1"]
[SourceVersionDate "2016.02.25"]
[SourceQuality "1"]

1. e4 c5 2. Nf3 d6 3. d4 cxd4 4. Nxd4 Nf6 5. Nc3 a6 6. f3 Nc6 7. Bc4 e6 8. Bg5 Be7 9. Qd2 Ne5 10. Be2 0-0 11. h4 b5 12. f4 b4 13. Bxf6 Bxf6 14. Nd1 Bxh4+ 15. Nf2 Ng6 16. Qe3 e5 17. fxe5 dxe5 18. Nf3 Bg3 19. Nd2 Bf4 20. Qd3 Qg5 21. c3 Rd8 22. Nf3 Qe7 23. Qc2 Be6 24. c4 Qc5 25. b3 Bg3 26. 0-0 Nf4 27. Rad1 h5 28. Bd3 h4 29. Ng5 Bg4 30. Rd2 f6 31. Ngh3 Bxh3 32. gxh3 Nxh3+ 33. Kg2 Nf4+ 34. Kh1 Qd4 35. c5 Bxf2 36. Bc4+ Kh7 37. Rxd4 Bxd4 38. Rxf4 exf4 39. e5+ Kh6 40. Bf7 1-0

[Event "Curitiba Sul Regional-ch"]
[Site "Curitiba"]
[Date "2015.07.10"]
[Round "1"]
[White "Santa Isabel, Marivaldo dos Reis"]
[Black "Barbosa, Fernando"]
[Result "0-1"]
[WhiteElo "1689"]
[BlackElo "2184"]
[PlyCount "54"]
[EventDate "2015.07.10"]
[EventType "swiss"]
[EventRounds "6"]
[EventCountry "BRA"]
[SourceTitle "EXT 2016"]
[Source "ChessBase"]
[SourceDate "2015.10.08"]
[SourceVersion "1"]
[SourceVersionDate "2015.10.08"]
[SourceQuality "1"]

1. e4 c5 2. Nf3 Nc6 3. d4 cxd4 4. Nxd4 e6 5. Be2 Nf6 6. Nc3 d6 7. f3 Be7 8. Be3 0-0 9. Qd2 Bd7 10. 0-0-0 a6 11. g4 b5 12. h4 b4 13. Nb1 Qa5 14. Bc4 Rfc8 15. Bb3 Qc7 16. Rdg1 Nxd4 17. Qxd4 Rab8 18. h5 a5 19. g5 Ne8 20. g6 a4 21. gxf7+ Kxf7 22. e5 axb3 23. Qd3 Kg8 24. axb3 Bb5 25. Qd2 dxe5 26. h6 g6 27. f4 exf4 0-1

[Event "Tres Barras op"]
[Site "Tres Barras"]
[Date "2015.05.10"]
[Round "5"]
[White "Santa Isabel, Marivaldo dos Reis"]
[Black "De Oliveira, Guilherme Alfredo B"]
[Result "0-1"]
[WhiteElo "1708"]
[BlackElo "1487"]
[PlyCount "72"]
[EventDate "2015.05.08"]
[EventType "swiss"]
[EventRounds "6"]
[EventCountry "BRA"]
[SourceTitle "EXT 2018"]
[Source "ChessBase"]
[SourceDate "2017.10.13"]
[SourceVersion "1"]
[SourceVersionDate "2017.10.13"]
[SourceQuality "1"]

1. e4 c5 2. Nf3 e6 3. d4 cxd4 4. Nxd4 a6 5. Nc3 Nc6 6. Be3 Nf6 7. f3 Bb4 8. a3 Bxc3+ 9. bxc3 d5 10. Nxc6 bxc6 11. e5 Nd7 12. f4 0-0 13. Bd3 c5 14. c4 d4 15. Be4 Rb8 16. Bd2 Bb7 17. Bxb7 Rxb7 18. 0-0 Nb6 19. Qf3 Qd7 20. Rab1 Rfb8 21. Qd3 Qa4 22. f5 Qxc4 23. Qg3 exf5 24. Bh6 g6 25. Rxf5 Qxc2 26. Rbf1 Qe4 27. e6 Qxe6 28. Re5 Qc6 29. Qg5 Na4 30. Ree1 Nc3 31. Qe5 f5 32. Rf2 Ne4 33. Rfe2 Re8 34. Qf4 Rbe7 35. Bg5 Re6 36. g4 Nxg5 0-1

[Event "Santa Catarina State-ch sf1 61st"]
[Site "Sao Bento do Sul"]
[Date "2015.03.07"]
[Round "3"]
[White "Santa Isabel, Marivaldo dos Reis"]
[Black "Volkmann, Andre Jordi"]
[Result "1/2-1/2"]
[WhiteElo "1716"]
[BlackElo "1848"]
[PlyCount "68"]
[EventDate "2015.03.06"]
[EventType "swiss"]
[EventRounds "6"]
[EventCountry "BRA"]
[SourceTitle "EXT 2016"]
[Source "ChessBase"]
[SourceDate "2015.10.08"]
[SourceVersion "1"]
[SourceVersionDate "2015.10.08"]
[SourceQuality "1"]

1. e4 d5 2. exd5 Qxd5 3. Nc3 Qa5 4. d4 c6 5. Bc4 Nf6 6. Bd2 Qc7 7. Nge2 Bf5 8. Bf4 Qa5 9. Bd2 Qd8 10. f3 e6 11. Bg5 Be7 12. g4 Nxg4 13. Bxe7 Qxe7 14. fxg4 Bxg4 15. Qd2 b5 16. Bd3 b4 17. Ne4 Bf3 18. Rg1 Bxe4 19. Bxe4 Qh4+ 20. Ng3 f5 21. Bf3 f4 22. Qxb4 fxg3 23. hxg3 Qe7 24. Qc3 0-0 25. 0-0-0 a6 26. Bh1 Ra7 27. Rde1 Qd6 28. Be4 g6 29. Rgf1 Raf7 30. Rxf7 Rxf7 31. Qd3 Qf8 32. Qc4 Qd6 33. Qd3 Qf8 34. Qc4 Qd6 1/2-1/2

[Event "Botafogo Fexerj op"]
[Site "Botafogo"]
[Date "2015.01.24"]
[Round "4"]
[White "Dos Santos, Nicolau Machado de"]
[Black "Santa Isabel, Marivaldo dos Reis"]
[Result "1-0"]
[WhiteElo "1770"]
[BlackElo "1720"]
[PlyCount "71"]
[EventDate "2015.01.23"]
[EventType "swiss"]
[EventRounds "6"]
[EventCountry "BRA"]
[SourceTitle "CBM 164 Extra"]
[Source "ChessBase"]
[SourceDate "2015.03.02"]
[SourceVersion "1"]
[SourceVersionDate "2015.03.02"]
[SourceQuality "1"]

1. e4 c5 2. Nf3 Nc6 3. d4 cxd4 4. Nxd4 Nf6 5. Nc3 g6 6. Nxc6 bxc6 7. e5 Ng8 8. Bc4 Bg7 9. Qf3 e6 10. Bf4 Ne7 11. 0-0 0-0 12. Rfe1 Rb8 13. Rad1 Bb7 14. Qh3 Qc7 15. Be3 c5 16. Nb5 Qxe5 17. Rxd7 Nf5 18. f4 Qxb2 19. Bxc5 Rfd8 20. Rxf7 Bd5 21. Ba3 Qxc2 22. Bd3 Qxa2 23. Rxa7 Qd2 24. Re2 Qd1+ 25. Kf2 Nd4 26. Rxg7+ Kxg7 27. Nxd4 Re8 28. Bd6 Ra8 29. Be5+ Kg8 30. Bxg6 Re7 31. Bc2 Qc1 32. Qg4+ Kf8 33. Bd6 Ra1 34. Bxe7+ Kf7 35. Kg3 Bc4 36. Rxe6 1-0